Essentials of programming languages / (Record no. 133032)

MARC details
000 -LEADER
fixed length control field 00970nam a22002897a 4500
003 - CONTROL NUMBER IDENTIFIER
control field 0
005 - DATE AND TIME OF LATEST TRANSACTION
control field 20180730155229.0
008 - FIXED-LENGTH DATA ELEMENTS--GENERAL INFORMATION
fixed length control field 0
010 ## - LIBRARY OF CONGRESS CONTROL NUMBER
LC control number B-106676
020 ## - INTERNATIONAL STANDARD BOOK NUMBER
Terms of availability 275.00
International Standard Book Number 8120324668
035 ## - SYSTEM CONTROL NUMBER
System control number B-106676, B-106688
037 ## - SOURCE OF ACQUISITION
Source of stock number/acquisition Cen Lib/Ret
040 ## - CATALOGING SOURCE
Original cataloging agency DPL
Language of cataloging EN
Transcribing agency 0
082 ## - DEWEY DECIMAL CLASSIFICATION NUMBER
Classification number 005.13
Item number FRI
100 ## - MAIN ENTRY--PERSONAL NAME
Personal name Friedman, Daniel P.
9 (RLIN) 36604
245 ## - TITLE STATEMENT
Title Essentials of programming languages /
Statement of responsibility, etc by Daniel P.Friedman,Mitchell Wand [and] Christopher T.Haynes
250 ## - EDITION STATEMENT
Edition statement 2nd ed
260 ## - PUBLICATION, DISTRIBUTION, ETC. (IMPRINT)
Place of publication, distribution, etc New Delhi
Name of publisher, distributor, etc Prentice Hall of India
Date of publication, distribution, etc 2001
270 ## - ADDRESS
City New Delhi
Address M-97, Connaught Circus
Postal code 110001
300 ## - PHYSICAL DESCRIPTION
Extent xviii,389p.
Dimensions 23cm(Hb)
500 ## - GENERAL NOTE
General note Includes bibliographical references and index
650 ## - SUBJECT ADDED ENTRY--TOPICAL TERM
Topical term or geographic name as entry element Programming languages (Electronic computers)
9 (RLIN) 7920
650 ## - SUBJECT ADDED ENTRY--TOPICAL TERM
Topical term or geographic name as entry element COMPUTERS -- Programming Languages -- General
9 (RLIN) 36605
700 ## - ADDED ENTRY--PERSONAL NAME
Personal name Wand, Mitchell
9 (RLIN) 36606
700 ## - ADDED ENTRY--PERSONAL NAME
Personal name Haynes, Christopher T.
9 (RLIN) 36607
942 ## - ADDED ENTRY ELEMENTS (KOHA)
Source of classification or shelving scheme Dewey Decimal Classification
Koha item type English Books
Classification part 005.13
Call number suffix FRI
Holdings
Withdrawn status Lost status Damaged status Not for loan Home library Current library Date acquired Source of acquisition Cost, normal purchase price Total Checkouts Full call number Barcode Date last seen Copy number Cost, replacement price Price effective from Koha item type Source of classification or shelving scheme Collection code
        Central Library Central Library 24/07/2015 Cen Lib/Ret 275.00   005.13 FRI B-106676 24/07/2015 1 275.00 24/07/2015 English Books    
        Patel Nagar Patel Nagar 30/07/2018 BPPD/Pub 275.00   005.13 FRI B-106688 30/07/2018   275.00 30/07/2018 English Books Dewey Decimal Classification Non-fiction

© Delhi Public Library
Hit Counter
free hit counter